| 000 | 00321nam a22001337a 4500 | ||
|---|---|---|---|
| 082 |
_a355.3 _bMAR |
||
| 100 |
_aMarindin A.H Captain _948780 |
||
| 245 | _aStaff rides | ||
| 260 |
_aLondon _bHugh rees ltd _c1907 |
||
| 300 | _a104 p; | ||
| 526 |
_a0 _b0 _c0 _d355_300000000000000_MAR |
||
| 650 |
_aMCE _9379 |
||
| 942 |
_2ddc _cBK |
||
| 999 |
_c551636 _d551636 |
||